[Event "FLORIPA CHESS OPEN 2015"]
[Site "Florianopolis/SC"]
[Date "2015.01.15"]
[Round "3"]
[Board "48"]
[White "Franca, Willian Bento"]
[Black "Passos Coutinho, Eduardo"]
[Result "1-0"]
[WhiteElo "2008"]
[BlackElo "1767"]
[PlyCount "101"]
[EventDate "2015.01.14"]
[EventRounds "10"]
[EventCountry "BRA"]

1. d4 Nf6 2. Nf3 e6 3. g3 b6 4. Bg2 Bb7 5. O-O c5 6. c4 cxd4 7. Qxd4 Nc6 8. Qd2
Be7 9. Nc3 O-O 10. b3 d5 11. cxd5 Nxd5 12. Nxd5 Qxd5 13. Qxd5 exd5 14. Bb2 Rfd8
15. Rfd1 Rac8 16. Bh3 Ra8 17. Rac1 Bc5 18. a3 a5 19. Rc2 Rd6 20. Rcd2 Rad8 21.
e3 g6 22. Bg2 h6 23. Ne1 Ne7 24. Nc2 b5 25. Be5 R6d7 26. Bf6 Kf8 27. e4 d4 28.
Bxd4 Bxd4 29. Nxd4 Ke8 30. Kf1 Nc6 31. Nf3 Rxd2 32. Rxd2 Rxd2 33. Nxd2 Nd4 34.
f3 Nc2 35. a4 bxa4 36. bxa4 Na1 37. Kf2 Bc6 38. Nc4 Nb3 39. Nb2 Nc5 40. Bf1
Nxa4 41. Nc4 Nc5 42. Nxa5 Bd7 43. Nc4 Ke7 44. Ke3 f6 45. Bd3 Nxd3 46. Kxd3 Bh3
47. Ne3 Bc8 48. Kd4 Ke6 49. Nd5 h5 50. Nf4+ Kf7 51. Kd5 1-0

[Event "FLORIPA CHESS OPEN 2015"]
[Site "Florianopolis/SC"]
[Date "2015.01.15"]
[Round "3"]
[Board "49"]
[White "Boeira, Dimitri Ariel Pires"]
[Black "Lopes, Marcelo Ferreira"]
[Result "0-1"]
[WhiteElo "1779"]
[BlackElo "2002"]
[PlyCount "39"]
[EventDate "2015.01.14"]
[EventRounds "10"]
[EventCountry "BRA"]

1. d4 Nf6 2. c4 e6 3. Nc3 Bb4 4. Qc2 O-O 5. a3 Bxc3+ 6. Qxc3 b6 7. Bg5 h6 8.
Bh4 Ba6 9. e3 d6 10. Bd3 Nbd7 11. Ne2 c5 12. O-O Rc8 13. Rac1 cxd4 14. exd4 e5
15. b3 e4 16. Bb1 d5 17. Qb4 Qc7 18. Qa4 Bb7 19. Rfe1 b5 {Ilegivel} 20. cxb5
 0-1

[Event "FLORIPA CHESS OPEN 2015"]
[Site "Florianopolis/SC"]
[Date "2015.01.15"]
[Round "3"]
[Board "50"]
[White "Martins, Anderson Donay"]
[Black "Hille Junior, Waltercler"]
[Result "0-1"]
[WhiteElo "2000"]
[BlackElo "1761"]
[PlyCount "118"]
[EventDate "2015.01.14"]
[EventRounds "10"]
[EventCountry "BRA"]

1. e4 e6 2. d4 d5 3. Nd2 Nf6 4. e5 Nfd7 5. Bd3 c5 6. c3 Nc6 7. Ne2 cxd4 8. cxd4
f6 9. exf6 Nxf6 10. b3 Bd6 11. Bb2 O-O 12. Nf3 Qc7 13. Rc1 Bd7 14. O-O Rad8 15.
Bb1 Qb8 16. Ng3 Bf4 17. Rc2 Nb4 18. Rc3 Ng4 19. Ne1 e5 20. a3 Nc6 21. dxe5 d4
22. Rd3 Ngxe5 23. Rd2 Bxd2 24. Qxd2 Be8 25. b4 a6 26. Nd3 Nxd3 27. Qxd3 Bg6 28.
Qb3+ Bf7 29. Qd3 Bg6 30. Qb3+ Kh8 31. Bxg6 hxg6 32. Qd3 Qd6 33. Ne4 Qf4 34.
Qh3+ Kg8 35. Qe6+ Kh8 36. Qh3+ Qh6 37. Qg3 Rf5 38. Nd6 Rdf8 39. Ne4 Rd5 40. Bc1
Qh5 41. Qc7 Qe5 42. Qxe5 Nxe5 43. Rd1 Rfd8 44. Nc5 d3 45. Nxb7 R8d7 46. Nc5
R7d6 47. Kf1 Nc4 48. Bd2 Nxa3 49. Ne4 Rd8 50. Ng5 R8d7 51. Re1 Rxg5 52. Bxg5
Nc2 53. Rb1 Kg8 54. Be3 Kf7 55. b5 axb5 56. Bd2 b4 57. Bxb4 Nxb4 58. Ke1 d2+
59. Ke2 Na2 0-1

[Event "FLORIPA CHESS OPEN 2015"]
[Site "Florianopolis/SC"]
[Date "2015.01.15"]
[Round "3"]
[Board "52"]
[White "Carlesso, Lucas Oliveira"]
[Black "Salama, Andre Sasson"]
[Result "0-1"]
[WhiteElo "1746"]
[BlackElo "1997"]
[PlyCount "88"]
[EventDate "2015.01.14"]
[EventRounds "10"]
[EventCountry "BRA"]

1. e4 c5 2. c3 d5 3. exd5 Qxd5 4. d4 Nf6 5. Nf3 Bg4 6. Be2 e6 7. O-O Nc6 8. Be3
cxd4 9. cxd4 Be7 10. Nc3 Qd8 11. Qb3 Qb6 12. Qxb6 axb6 13. d5 Nxd5 14. Nxd5
exd5 15. Bxb6 O-O 16. h3 Be6 17. Nd4 Nxd4 18. Bxd4 Rfc8 19. Rfd1 Bc5 20. Bxc5
Rxc5 21. Bf3 Rc2 22. Bxd5 Bxd5 23. Rxd5 Rxb2 24. Rc1 g6 25. Rc7 Raxa2 26. Rd8+
Kg7 27. Rdd7 Rxf2 28. Rxb7 Rxg2+ 29. Kh1 Rgf2 30. Kg1 Rf5 31. Rd3 Rc5 32. Rd1
Rf5 33. Rdd7 h5 34. Rdc7 Raf2 35. Rd7 h4 36. Rd1 R2f3 37. Kh2 Rg3 38. Rd4 Rf2+
39. Kh1 Rxh3+ 40. Kg1 Rf5 41. Kg2 Rg3+ 42. Kh2 Rf2+ 43. Kh1 g5 44. Rdd7 h3 0-1

[Event "FLORIPA CHESS OPEN 2015"]
[Site "Florianopolis/SC"]
[Date "2015.01.15"]
[Round "3"]
[Board "53"]
[White "Souza, Kim Garcia De"]
[Black "Pereira, Everaldo Cordeiro"]
[Result "1/2-1/2"]
[WhiteElo "1740"]
[BlackElo "1994"]
[PlyCount "49"]
[EventDate "2015.01.14"]
[EventRounds "10"]
[EventCountry "BRA"]

1. b4 a5 2. b5 b6 3. a4 e6 4. Bb2 Nf6 5. e3 Bb7 6. Nf3 c5 7. Be2 d5 8. c4 Nbd7
9. d3 Bd6 10. O-O O-O 11. Nbd2 Qc7 12. h3 Rfe8 13. d4 Rac8 14. Rc1 Qb8 15. Qb3
Ne4 16. Rc2 Ndf6 17. Rfc1 Red8 18. Nxe4 Nxe4 19. Ba1 cxd4 20. Qb2 Nc3 21. exd4
Nxe2+ 22. Rxe2 Rxc4 23. Rxc4 dxc4 24. d5 e5 25. Nxe5 1/2-1/2

[Event "FLORIPA CHESS OPEN 2015"]
[Site "Florianopolis/SC"]
[Date "2015.01.15"]
[Round "3"]
[Board "54"]
[White "Costa, Ane Caroline"]
[Black "Fontoura, Alexandre Souza"]
[Result "0-1"]
[WhiteElo "1730"]
[BlackElo "1990"]
[PlyCount "54"]
[EventDate "2015.01.14"]
[EventRounds "10"]
[EventCountry "BRA"]

1. d4 e6 2. g3 f5 3. Bg2 Nf6 4. Nf3 g6 5. O-O Bg7 6. c4 O-O 7. Nc3 d6 8. a3 Qe8
9. b4 c6 10. e3 e5 11. Qb3 e4 12. Ng5 h6 13. c5+ d5 14. Nh3 g5 15. Kh1 Be6 16.
b5 Qc8 17. Ng1 Nh5 18. Nge2 Nd7 19. Rb1 Nxc5 20. dxc5 d4 21. Qb4 dxc3 22. Nxc3
Nf6 23. bxc6 bxc6 24. Qa5 Bc4 25. Rd1 Ng4 26. Kg1 Bd3 27. Rb3 Bc2 0-1

[Event "FLORIPA CHESS OPEN 2015"]
[Site "Florianopolis/SC"]
[Date "2015.01.15"]
[Round "4"]
[Board "1"]
[White "Cruz, William Ferreira Da"]
[Black "Bachmann, Axel"]
[Result "0-1"]
[WhiteElo "2238"]
[BlackElo "2629"]
[PlyCount "80"]
[EventDate "2015.01.14"]
[EventRounds "10"]
[EventCountry "BRA"]

1. d4 Nf6 2. c4 e6 3. Nc3 Bb4 4. Nf3 b6 5. Bg5 h6 6. Bh4 Bb7 7. Nd2 Bxc3 8.
bxc3 d6 9. Qc2 g5 10. Bg3 Nh5 11. e4 Nd7 12. Bd3 Qe7 13. c5 dxc5 14. Bxc7 Rc8
15. Be5 Nxe5 16. dxe5 Nf4 17. g3 Nxd3+ 18. Qxd3 Qd7 19. Qe2 Rd8 20. h4 Ba6 21.
Qe3 g4 22. h5 Qb5 23. c4 Qb2 24. Rd1 Qxe5 25. Rh4 f5 26. exf5 Qxe3+ 27. fxe3
exf5 28. e4 O-O 29. exf5 Rd4 30. Rh2 Rxf5 31. Rc1 Rd3 32. Nf1 Rdf3 33. Rh1 Bb7
34. Rc2 Be4 35. Rd2 Rc3 36. Rd8+ Kf7 37. Rg1 Rxc4 38. Rd7+ Ke6 39. Rxa7 Rc1+
40. Ke2 Bd5 0-1

[Event "FLORIPA CHESS OPEN 2015"]
[Site "Florianopolis/SC"]
[Date "2015.01.15"]
[Round "4"]
[Board "3"]
[White "Souza, Rafael Cabral De"]
[Black "Matsuura, Everaldo"]
[Result "0-1"]
[WhiteElo "2173"]
[BlackElo "2505"]
[PlyCount "60"]
[EventDate "2015.01.14"]
[EventRounds "10"]
[EventCountry "BRA"]

1. e4 e5 2. Nf3 Nc6 3. Bb5 a6 4. Ba4 Nf6 5. d3 d6 6. c3 g6 7. Nbd2 Bg7 8. O-O
O-O 9. Re1 Nd7 10. Nf1 Nc5 11. Bc2 d5 12. Bg5 Qd6 13. Ng3 d4 14. c4 b5 15. cxb5
axb5 16. Qd2 Be6 17. b3 f6 18. Bh6 Bxh6 19. Qxh6 Nb4 20. Qd2 Nxa2 21. h4 Nc3
22. Rxa8 Rxa8 23. h5 Kg7 24. Nh4 Ra2 25. Qc1 b4 26. Kh2 Qa6 27. hxg6 hxg6 28.
f4 Rxc2 29. Qxc2 Qxd3 30. Qb2 exf4 0-1

[Event "FLORIPA CHESS OPEN 2015"]
[Site "Florianopolis/SC"]
[Date "2015.01.15"]
[Round "4"]
[Board "4"]
[White "Di Berardino, Diego Rafael"]
[Black "Bueno, Alfeu Junior Varela"]
[Result "1-0"]
[WhiteElo "2484"]
[BlackElo "2251"]
[PlyCount "91"]
[EventDate "2015.01.14"]
[EventRounds "10"]
[EventCountry "BRA"]

1. e4 e6 2. d4 d5 3. Nd2 Nf6 4. e5 Nfd7 5. f4 c5 6. Ngf3 Nc6 7. Nb3 Be7 8. Be3
b6 9. Be2 a5 10. O-O O-O 11. c3 a4 12. Nbd2 a3 13. b3 Ba6 14. Bxa6 Rxa6 15. Qc2
cxd4 16. Nxd4 Nxd4 17. Bxd4 Qc7 18. Rae1 f5 19. exf6 Bxf6 20. Qd3 Nc5 21. Qe3
Re8 22. Bxf6 gxf6 23. Qd4 Nd7 24. f5 b5 25. fxe6 Raxe6 26. Rxe6 Rxe6 27. Qg4+
Kf7 28. Nf3 Ke7 29. Nd4 Re5 30. Qg7+ Kd8 31. Qg8+ Ke7 32. Qxh7+ Kd8 33. Qg8+
Ke7 34. Qg7+ Kd8 35. Qg8+ Ke7 36. Nf5+ Rxf5 37. Rxf5 Qc5+ 38. Rf2 Qxc3 39. Qxd5
Qa1+ 40. Rf1 Qxa2 41. Re1+ Ne5 42. Rc1 Nd7 43. Rc7 Qa1+ 44. Kf2 Qb2+ 45. Kf3
Qc3+ 46. Rxc3 1-0

[Event "FLORIPA CHESS OPEN 2015"]
[Site "Florianopolis/SC"]
[Date "2015.01.15"]
[Round "4"]
[Board "5"]
[White "Barbosa, Evandro Amorim"]
[Black "Cordeiro, Marco Aurelio Zaror"]
[Result "0-1"]
[WhiteElo "2449"]
[BlackElo "2238"]
[PlyCount "100"]
[EventDate "2015.01.14"]
[EventRounds "10"]
[EventCountry "BRA"]

1. e4 Nf6 2. e5 Nd5 3. d4 d6 4. Nf3 dxe5 5. Nxe5 c6 6. Bc4 Be6 7. O-O Nd7 8.
Nxd7 Qxd7 9. Nd2 b5 10. Bb3 Nc7 11. Ne4 Bxb3 12. axb3 Ne6 13. Be3 g6 14. c4 Rd8
15. d5 cxd5 16. Rxa7 Qc6 17. cxd5 Rxd5 18. Qf3 f5 19. Nc3 Rd6 20. Qe2 b4 21.
Na2 Qe4 22. Qb5+ Kf7 23. Qb8 Rd3 24. Qxb4 Rxe3 25. Qd2 Rd3 26. Qc2 Nf4 27. Qc4+
Qxc4 28. bxc4 Rb3 29. g3 Ne2+ 30. Kg2 Rxb2 31. Re1 Kf6 32. Kf1 Nd4 33. Rd1 e5
34. Nc3 Kg5 35. Nd5 Bc5 36. Rc7 Ne6 37. Rc6 Rxf2+ 38. Ke1 Re8 39. h4+ Kh6 40.
Rxc5 Nxc5 41. Kxf2 Rc8 42. Ne3 Ne4+ 43. Kf3 Nxg3 44. Rd7 Ne4 45. Ke2 Nf6 46.
Re7 f4 47. Nf1 Rc6 48. Nh2 e4 49. c5 Kh5 50. Nf1 Kxh4 0-1

[Event "FLORIPA CHESS OPEN 2015"]
[Site "Florianopolis/SC"]
[Date "2015.01.15"]
[Round "4"]
[Board "6"]
[White "Borges, Victor Hugo Moreira"]
[Black "Rodriguez Vila, Andres"]
[Result "0-1"]
[WhiteElo "2143"]
[BlackElo "2444"]
[PlyCount "36"]
[EventDate "2015.01.14"]
[EventRounds "10"]
[EventCountry "BRA"]

1. e4 e6 2. d4 d5 3. Nc3 Bb4 4. e5 c5 5. a3 Bxc3+ 6. bxc3 Nc6 7. Qg4 g6 8. Nf3
Qa5 9. Bd2 Qa4 10. Ra2 cxd4 11. Bd3 b6 12. O-O Ba6 13. Bxa6 Qxa6 14. cxd4 Rc8
15. Qf4 h6 16. Rd1 Qc4 17. Raa1 Nge7 18. Qf6 {IlegÃ­vel} Kd7 0-1

[Event "FLORIPA CHESS OPEN 2015"]
[Site "Florianopolis/SC"]
[Date "2015.01.15"]
[Round "4"]
[Board "7"]
[White "Luz, Arthur Nader"]
[Black "Quintiliano Pinto, Renato R."]
[Result "0-1"]
[WhiteElo "2041"]
[BlackElo "2364"]
[PlyCount "76"]
[EventDate "2015.01.14"]
[EventRounds "10"]
[EventCountry "BRA"]

1. d4 Nf6 2. c4 e6 3. Nf3 Bb4+ 4. Nc3 O-O 5. Bg5 d5 6. e3 c5 7. a3 Bxc3+ 8.
bxc3 Nbd7 9. Bd3 Qa5 10. Qc2 dxc4 11. Bxc4 cxd4 12. exd4 b6 13. O-O Bb7 14. Bd2
Bxf3 15. gxf3 Rac8 16. Bb3 Rfd8 17. Rac1 Qh5 18. Qd1 b5 19. Kh1 Nb6 20. Rg1 h6
21. Rg3 Nc4 22. Be3 Nd6 23. Qf1 Nd5 24. Rh3 Qf5 25. Bxd5 Qxd5 26. Qg2 Kf8 27.
Bf4 Nf5 28. Rh5 Ng3+ 29. fxg3 Qxh5 30. g4 Qg6 31. Qe2 Rc4 32. Kg2 Rdc8 33. Qb2
a6 34. Qd2 Kg8 35. h4 h5 36. Kh3 hxg4+ 37. fxg4 Qe4 38. Kg3 a5 0-1

[Event "FLORIPA CHESS OPEN 2015"]
[Site "Florianopolis/SC"]
[Date "2015.01.15"]
[Round "4"]
[Board "9"]
[White "Paveto, Kevin"]
[Black "Calcado, Acyr Rogerio"]
[Result "1/2-1/2"]
[WhiteElo "2437"]
[BlackElo "2133"]
[PlyCount "65"]
[EventDate "2015.01.14"]
[EventRounds "10"]
[EventCountry "BRA"]

1. e4 e5 2. Nf3 Nc6 3. Bc4 Nf6 4. Ng5 d5 5. exd5 Na5 6. Bb5+ c6 7. dxc6 bxc6 8.
Qf3 Rb8 9. Bd3 Be7 10. O-O O-O 11. Nc3 h6 12. Nge4 Nd5 13. Ng3 g6 14. Re1 Bf6
15. Be4 Be6 16. d4 Bg7 17. dxe5 Nc4 18. Nge2 Nxe5 19. Qg3 Nc4 20. Nf4 Nxf4 21.
Bxf4 Rxb2 22. Na4 Rb4 23. Nc5 Bd5 24. Bc7 Qg5 25. Qxg5 hxg5 26. Rad1 Nb2 27.
Bxd5 Nxd1 28. Bb3 Rd4 29. Ne4 Rd7 30. Bd6 Rfd8 31. Rxd1 Be5 32. Rd3 Rxd6 33.
Rxd6 1/2-1/2

[Event "FLORIPA CHESS OPEN 2015"]
[Site "Florianopolis/SC"]
[Date "2015.01.15"]
[Round "4"]
[Board "10"]
[White "Molina, Roberto Junio Brito"]
[Black "Mendonca Campelo, Higor Carlos"]
[Result "1-0"]
[WhiteElo "2408"]
[BlackElo "2119"]
[PlyCount "61"]
[EventDate "2015.01.14"]
[EventRounds "10"]
[EventCountry "BRA"]

1. d4 Nf6 2. c4 g6 3. f3 d5 4. cxd5 Nxd5 5. e4 Nb6 6. Nc3 Bg7 7. Be3 O-O 8. Qd2
Nc6 9. O-O-O e5 10. d5 Nd4 11. f4 c5 12. fxe5 Bg4 13. Re1 Bxe5 14. h3 Bd7 15.
Nf3 Nxf3 16. gxf3 Na4 17. f4 Bg7 18. Nxa4 Bxa4 19. Kb1 Rc8 20. Rc1 Re8 21. e5
b6 22. h4 Bd7 23. h5 Bf5+ 24. Ka1 g5 25. Rg1 g4 26. Be2 Qd7 27. Qd1 Rcd8 28.
Bxg4 Kh8 29. Bf3 f6 30. e6 Qc7 31. Qa4 1-0

[Event "FLORIPA CHESS OPEN 2015"]
[Site "Florianopolis/SC"]
[Date "2015.01.15"]
[Round "4"]
[Board "11"]
[White "Gazel, Frederico"]
[Black "Starke, Bruno Orlando"]
[Result "1-0"]
[WhiteElo "2292"]
[BlackElo "2103"]
[PlyCount "71"]
[EventDate "2015.01.14"]
[EventRounds "10"]
[EventCountry "BRA"]

1. Nf3 Nf6 2. g3 d5 3. Bg2 c5 4. O-O Nc6 5. d4 cxd4 6. Nxd4 Qb6 7. Nxc6 bxc6 8.
c4 e6 9. Nc3 Bb4 10. Be3 Qa6 11. cxd5 cxd5 12. Bd4 Bb7 13. Qb3 Bxc3 14. Bxc3
O-O 15. Bxf6 gxf6 16. Rfd1 Rac8 17. Rd4 Rc7 18. Qe3 Rc4 19. Rad1 Rfc8 20. b3
Rxd4 21. Rxd4 Qxa2 22. Bf3 Qa1+ 23. Kg2 e5 24. Rg4+ Kf8 25. Ra4 Qc1 26. Rxa7
Qc7 27. Ra4 Qc1 28. Qa7 Qc7 29. Rb4 Bc6 30. Qc5+ Qe7 31. Qa5 Qc7 32. Rb6 Be8
33. Qb4+ Qe7 34. Qh4 Rd8 35. Rxf6 e4 36. Bh5 1-0

[Event "FLORIPA CHESS OPEN 2015"]
[Site "Florianopolis/SC"]
[Date "2015.01.15"]
[Round "4"]
[Board "12"]
[White "Pirola, Claudionor Alcides Lim"]
[Black "Matsuura, Frederico"]
[Result "1/2-1/2"]
[WhiteElo "2088"]
[BlackElo "2289"]
[PlyCount "100"]
[EventDate "2015.01.14"]
[EventRounds "10"]
[EventCountry "BRA"]

1. e4 Nf6 2. e5 Nd5 3. d4 d6 4. Nf3 Bg4 5. Bc4 c6 6. h3 Bxf3 7. Qxf3 e6 8. O-O
Nd7 9. Re1 Nb4 10. Na3 d5 11. Bf1 c5 12. c3 Nc6 13. Nc2 Qb6 14. dxc5 Bxc5 15.
b4 Ncxe5 16. Qg3 Bd6 17. Bf4 f6 18. Qxg7 O-O-O 19. Bxe5 Bxe5 20. Nd4 Bxd4 21.
cxd4 Qxd4 22. Rad1 Qb6 23. Qf7 Rhe8 24. Rxd5 Ne5 25. Rxd8+ Qxd8 26. Qxh7 Qd2
27. Qb1 Kb8 28. Rd1 Nf3+ 29. gxf3 Rg8+ 30. Bg2 Qg5 31. Kf1 Qxg2+ 32. Ke2 Qxh3
33. Qd3 Rc8 34. Qd6+ Ka8 35. Rc1 Rb8 36. b5 Qf5 37. Qc5 Qxc5 38. Rxc5 Rd8 39.
Rc7 Kb8 40. Re7 Rd6 41. Ke3 a6 42. a4 Ka7 43. Ke4 e5 44. Kf5 Rd3 45. Kxf6 Rxf3+
46. Kxe5 axb5 47. axb5 Rxf2 48. Kd4 Kb6 49. Kc4 Rf4+ 50. Kd3 Ka5 1/2-1/2

[Event "FLORIPA CHESS OPEN 2015"]
[Site "Florianopolis/SC"]
[Date "2015.01.15"]
[Round "4"]
[Board "13"]
[White "Delgado, Lidio Dias"]
[Black "Prol Medeiros, Horacio"]
[Result "1-0"]
[WhiteElo "2262"]
[BlackElo "2085"]
[PlyCount "57"]
[EventDate "2015.01.14"]
[EventRounds "10"]
[EventCountry "BRA"]

1. d4 d5 2. Nf3 Nf6 3. c4 e6 4. g3 c5 5. cxd5 exd5 6. Bg2 Nc6 7. O-O Be7 8. Nc3
Be6 9. dxc5 Bxc5 10. Bf4 O-O 11. Rc1 Be7 12. Nd4 Qb6 13. Nxe6 fxe6 14. Na4 Qb5
15. b3 e5 16. Nc3 Qa5 17. Bg5 d4 18. Na4 Nd5 19. Bd2 Qd8 20. Nc5 Bxc5 21. Rxc5
Nce7 22. Qc2 Rc8 23. Bh3 Rb8 24. Qd3 Qd6 25. Rfc1 Kh8 26. b4 b6 27. R5c4 Qf6
28. f3 a5 29. e3 {IlegÃ­vel} 1-0

[Event "FLORIPA CHESS OPEN 2015"]
[Site "Florianopolis/SC"]
[Date "2015.01.15"]
[Round "4"]
[Board "14"]
[White "Menna Barreto, Felipe Kubiaki"]
[Black "Pereira, Geanfrancesco"]
[Result "1-0"]
[WhiteElo "2247"]
[BlackElo "2046"]
[PlyCount "115"]
[EventDate "2015.01.14"]
[EventRounds "10"]
[EventCountry "BRA"]

1. Nf3 d6 2. d4 g6 3. e4 Bg7 4. Be2 Nd7 5. Nc3 c6 6. O-O Ngf6 7. e5 Nd5 8. Nxd5
cxd5 9. exd6 exd6 10. Bf4 Nf6 11. Bb5+ Kf8 12. Re1 h6 13. c3 g5 14. Bg3 Be6 15.
Bd3 Qd7 16. Qc2 Rc8 17. Re2 Ne8 18. Rae1 Bf6 19. Qb3 a6 20. Nd2 Ng7 21. Nf1 h5
22. f4 h4 23. fxg5 Bxg5 24. Bf2 Nh5 25. Be3 Qe7 26. Rf2 Re8 27. Bf5 Bxe3 28.
Rxe3 Rh6 29. Bxe6 Rxe6 30. Qxd5 Nf6 31. Rxe6 Nxd5 32. Rxe7 Rxe7 33. Rf5 Nb6 34.
Kf2 Nc4 35. b3 Nb2 36. Ne3 Nd3+ 37. Ke2 Nc1+ 38. Kd2 Nxa2 39. Nd5 Re6 40. Rf2
Rg6 41. Kc2 Rg5 42. Nf4 Ra5 43. Kb2 Kg7 44. b4 Ra4 45. Kb3 Nxc3 46. Kxc3 a5 47.
bxa5 Rxa5 48. Kd3 f5 49. Rb2 b5 50. Nd5 Kg6 51. Nc3 Ra1 52. Nxb5 Rh1 53. h3 Kg5
54. Nxd6 Kf4 55. Rf2+ Kg3 56. Re2 Ra1 57. Nxf5+ Kh2 58. Ke3 1-0

[Event "FLORIPA CHESS OPEN 2015"]
[Site "Florianopolis/SC"]
[Date "2015.01.15"]
[Round "4"]
[Board "15"]
[White "Assumpcao, Roberto"]
[Black "Rocha, Vitor Firmo De Souza"]
[Result "1/2-1/2"]
[WhiteElo "2232"]
[BlackElo "2040"]
[PlyCount "114"]
[EventDate "2015.01.14"]
[EventRounds "10"]
[EventCountry "BRA"]

1. d4 d5 2. c4 e6 3. Nc3 Bb4 4. Nf3 dxc4 5. Qa4+ Nc6 6. a3 Bxc3+ 7. bxc3 Qd5 8.
e4 Qxe4+ 9. Be3 Bd7 10. Qxc4 Nge7 11. Nd2 Qd5 12. Qd3 Qf5 13. Ne4 Nd5 14. Bd2
Nf6 15. Nxf6+ Qxf6 16. Be2 Qg6 17. Qf3 O-O 18. O-O e5 19. Rab1 Bf5 20. Rb5 a6
21. Rc5 Be4 22. Qg4 b6 23. Qxg6 hxg6 24. Rxc6 Bxc6 25. dxe5 Bb5 26. c4 Bc6 27.
Rc1 Rfe8 28. f4 g5 29. g3 gxf4 30. gxf4 Re6 31. Kf2 Rd8 32. Bc3 Rg6 33. Rg1
Rxg1 34. Kxg1 Be4 35. c5 a5 36. cxb6 cxb6 37. Kf2 g6 38. Ke3 Bc6 39. h4 Kf8 40.
h5 gxh5 41. Bxh5 Bd7 42. Ke4 Rc8 43. Bd4 b5 44. f5 b4 45. axb4 axb4 46. Bd1 Rc1
47. Bg4 b3 48. e6 fxe6 49. fxe6 Be8 50. Ke5 Bg6 51. Kd6 Be8 52. e7+ Kg8 53.
Be6+ Kh7 54. Bf5+ Kg8 55. Be6+ Kh7 56. Bf5+ Kg8 57. Be6+ Kh7 1/2-1/2

[Event "FLORIPA CHESS OPEN 2015"]
[Site "Florianopolis/SC"]
[Date "2015.01.15"]
[Round "4"]
[Board "16"]
[White "Gauche, Charles"]
[Black "Cella, Glaucio Dalla Cortt"]
[Result "1-0"]
[WhiteElo "2229"]
[BlackElo "2033"]
[PlyCount "45"]
[EventDate "2015.01.14"]
[EventRounds "10"]
[EventCountry "BRA"]

1. e4 c5 2. Nf3 Nc6 3. Nc3 e6 4. Bb5 Nd4 5. O-O Nxb5 6. Nxb5 a6 7. Nc3 g5 8. d4
g4 9. Ne1 h5 10. Be3 Bg7 11. dxc5 Ne7 12. f4 Bxc3 13. bxc3 f5 14. Bd4 Rh7 15.
Qe2 d5 16. exf5 Nxf5 17. Nd3 Qe7 18. Rab1 Qc7 19. Rb6 Bd7 20. Rxe6+ Bxe6 21.
Qxe6+ Ne7 22. Re1 Kf8 23. Qf6+ 1-0

[Event "FLORIPA CHESS OPEN 2015"]
[Site "Florianopolis/SC"]
[Date "2015.01.15"]
[Round "4"]
[Board "17"]
[White "Guimaraes, Diogo Duarte"]
[Black "Boff, Andre Ricardo"]
[Result "1-0"]
[WhiteElo "2221"]
[BlackElo "2000"]
[PlyCount "71"]
[EventDate "2015.01.14"]
[EventRounds "10"]
[EventCountry "BRA"]

1. e4 e6 2. d4 d5 3. Nc3 Bb4 4. Nge2 Nf6 5. Bg5 dxe4 6. a3 Be7 7. Bxf6 Bxf6 8.
Nxe4 O-O 9. Qd3 Nd7 10. g3 Be7 11. Bg2 Nf6 12. N2c3 Rb8 13. O-O Nd5 14. Ne2 b6
15. c4 Nf6 16. Rfd1 Bb7 17. b4 Qc8 18. c5 Bxe4 19. Bxe4 Nxe4 20. Qxe4 Bf6 21.
Rac1 Rd8 22. Nf4 Bg5 23. cxb6 Rxb6 24. Rc4 Qb7 25. Qxb7 Rxb7 26. Ne2 Be7 27.
Rdc1 Bd6 28. Nc3 g6 29. Ne4 Kg7 30. Kf1 Kf8 31. Rc6 Ke7 32. Ra6 f5 33. Nc3 Kd7
34. Na4 e5 35. dxe5 Be7 36. Rd1+ 1-0

[Event "FLORIPA CHESS OPEN 2015"]
[Site "Florianopolis/SC"]
[Date "2015.01.15"]
[Round "4"]
[Board "18"]
[White "Dias, Anderson Tatsch"]
[Black "Reis, Virginia Lagrange M."]
[Result "1-0"]
[WhiteElo "2212"]
[BlackElo "1865"]
[PlyCount "51"]
[EventDate "2015.01.14"]
[EventRounds "10"]
[EventCountry "BRA"]

1. d4 Nf6 2. c4 c5 3. d5 b5 4. cxb5 a6 5. bxa6 Bxa6 6. Nc3 g6 7. g3 d6 8. Bg2
Bg7 9. Nf3 O-O 10. O-O Nbd7 11. Qc2 Nb6 12. Rd1 Qc7 13. e4 Nfd7 14. b3 Rfb8 15.
Bf4 Nc8 16. Rab1 Qa5 17. Bd2 Qc7 18. a4 Rb7 19. Rdc1 Qb8 20. Na2 Ne5 21. Nxe5
Bxe5 22. b4 cxb4 23. Nxb4 Nb6 24. Nxa6 Rxa6 25. a5 Nd7 26. Qc8+ 1-0

[Event "FLORIPA CHESS OPEN 2015"]
[Site "Florianopolis/SC"]
[Date "2015.01.15"]
[Round "4"]
[Board "19"]
[White "Garkauskas, Otto Dmitry"]
[Black "Lorenzon, Eduardo Lucas"]
[Result "1/2-1/2"]
[WhiteElo "2202"]
[BlackElo "1830"]
[PlyCount "23"]
[EventDate "2015.01.14"]
[EventRounds "10"]
[EventCountry "BRA"]

1. e4 c5 2. Nf3 d6 3. d4 cxd4 4. Nxd4 Nf6 5. Nc3 a6 6. Be2 e6 7. O-O Be7 8. Be3
b5 9. a3 Bb7 10. Bf3 O-O 11. Qd2 Nbd7 12. e5 1/2-1/2

[Event "FLORIPA CHESS OPEN 2015"]
[Site "Florianopolis/SC"]
[Date "2015.01.15"]
[Round "4"]
[Board "20"]
[White "Silva, Lucas Henrique Da"]
[Black "Faig, Cristian"]
[Result "1/2-1/2"]
[WhiteElo "2096"]
[BlackElo "2176"]
[PlyCount "97"]
[EventDate "2015.01.14"]
[EventRounds "10"]
[EventCountry "BRA"]

1. d4 Nf6 2. Bg5 e6 3. e4 Be7 4. Bd3 d5 5. e5 Nfd7 6. Bxe7 Qxe7 7. c3 c5 8. Qg4
g6 9. Ne2 cxd4 10. f4 Nc6 11. O-O a6 12. h4 dxc3 13. Nbxc3 Qb4 14. Qg3 Qxb2 15.
h5 Qa3 16. Rf2 b5 17. Re1 Bb7 18. Nxd5 exd5 19. e6 O-O-O 20. exd7+ Rxd7 21. Bf5
Qxg3 22. Bxd7+ Kxd7 23. Nxg3 f5 24. Rd2 Kd6 25. Rde2 Nd4 26. Re7 Bc6 27. Ra7
Ne6 28. Ne2 Re8 29. Rc1 Nc5 30. Rc2 Bd7 31. Nd4 Re1+ 32. Kh2 gxh5 33. Nf3 Re7
34. Ne5 d4 35. Kh3 d3 36. Rd2 Rxe5 37. fxe5+ Kxe5 38. Rxd3 Nxd3 39. Rxd7 Nb4
40. a3 Nc2 41. Rxh7 a5 42. Rb7 Nxa3 43. Kh4 Kd5 44. Kxh5 Kc6 45. Rf7 b4 46.
Rxf5 b3 47. Rxa5 b2 48. Rxa3 b1=Q 49. Rg3 1/2-1/2

[Event "FLORIPA CHESS OPEN 2015"]
[Site "Florianopolis/SC"]
[Date "2015.01.15"]
[Round "4"]
[Board "21"]
[White "De Haro, Martim Afonso Palma"]
[Black "Oliveira, Fernando Henrique"]
[Result "1/2-1/2"]
[WhiteElo "2036"]
[BlackElo "2162"]
[PlyCount "60"]
[EventDate "2015.01.14"]
[EventRounds "10"]
[EventCountry "BRA"]

1. d4 d5 2. c4 c6 3. Nf3 Nf6 4. g3 g6 5. Bg2 Bg7 6. O-O O-O 7. Nbd2 h6 8. Re1
Be6 9. Qb3 Qc8 10. Qa3 Re8 11. b3 Nbd7 12. Bb2 a5 13. Rac1 Qb8 14. e4 dxe4 15.
Nxe4 Nxe4 16. Rxe4 Bf8 17. Bc3 Bf5 18. Ree1 a4 19. Qb2 axb3 20. axb3 e5 21. Ra1
Rxa1 22. Qxa1 exd4 23. Nxd4 Bd3 24. Qd1 Rxe1+ 25. Bxe1 Qe8 26. Bc3 Be4 27. f3
Bb1 28. Kf2 Ba2 29. Qd2 Bb1 30. Qd1 Ba2 1/2-1/2

[Event "FLORIPA CHESS OPEN 2015"]
[Site "Florianopolis/SC"]
[Date "2015.01.15"]
[Round "4"]
[Board "23"]
[White "Cruz, Arquias Sofocles Guimara"]
[Black "Stamenkovic, Dragan"]
[Result "0-1"]
[WhiteElo "1963"]
[BlackElo "2409"]
[PlyCount "72"]
[EventDate "2015.01.14"]
[EventRounds "10"]
[EventCountry "BRA"]

1. e4 c5 2. Nf3 Nc6 3. d4 cxd4 4. Nxd4 g6 5. Nc3 Bg7 6. Be3 Nf6 7. Bc4 Qa5 8.
O-O O-O 9. Bb3 d6 10. h3 Bd7 11. f4 Nxd4 12. Bxd4 Bc6 13. Qd3 Rad8 14. Rad1 Nd7
15. Bxg7 Kxg7 16. Qd4+ Kg8 17. Bd5 Qc5 18. Qxc5 Nxc5 19. Bxc6 bxc6 20. f5 Kg7
21. f6+ exf6 22. b4 Nb7 23. b5 Rc8 24. Rf2 Rfe8 25. bxc6 Rxc6 26. Nd5 Rxe4 27.
Nxf6 Re5 28. Nxh7 Rec5 29. Rdd2 Ra5 30. c3 Rxc3 31. Nf6 Rc8 32. Rde2 Re5 33.
Rxe5 dxe5 34. Ng4 e4 35. Rf6 Rc1+ 36. Kh2 e3 0-1